O turismo e a açäo das variáveis controláveis e incontroláveis /
Saved in:
| Format: | Book |
|---|---|
| Published: |
Edipucrs,
Porto Alegre :
2006.
|
| Edition: | 1a ed. |
| Series: | Comunicação;
37 |
| LEADER | 00460nam a22001337a 4500 | ||
|---|---|---|---|
| 003 | AR-BeUNQ | ||
| 005 | 20240412085713.0 | ||
| 999 | |c 36021 |d 119821 | ||
| 245 | |a O turismo e a açäo das variáveis controláveis e incontroláveis / |c Marcelo Schenk de Azambuja (organizador). | ||
| 250 | |a 1a ed. | ||
| 260 | |b Porto Alegre : |a Edipucrs, |c 2006. | ||
| 490 | 1 | |a Comunicação; |v 37 | |
| 929 | |a DONACION |b Rectorado UNQ |d 100,00E |e 20220428 |f PAT0078220 |g 3604 |h 1 |o PR |l Estante S | ||
| 942 | |c LIB |n 0 | ||